Detalles MARC
| 000 -LIDER |
| fixed length control field |
00947nam a2200301 b 4500 |
| 001 - NÚMERO DE CONTROL |
| Identificador de número de control |
01820924 |
| 003 - IDENTIFICACDOR DE NÚMERO DE CONTROL |
| control field |
DO-SdBPM |
| 005 - DATE AND TIME OF LATEST TRANSACTION |
| control field |
20250606111754.0 |
| 007 - CAMPOS FIJOS DE DESCRIPCIÓN FÍSICA |
| fixed length control field |
01820924 |
| 008 - ELEMENTOS DE LONGITUD FIJA |
| fixed length control field |
021108s2002 sp | || ||spa |
| 017 ## - NÚMERO DE REGISTRO DE DERECHOS DE AUTOR |
| Copyright or legal deposit number |
|
| Assigning agency |
|
| 020 ## - ISBN |
| International Standard Book Number |
844813737X |
| 035 ## - NÚMERO LOCAL |
| System control number |
|
| 040 ## - FUENTE DE CATALOGACIÓN |
| Agencia que crea de manera original el registro |
DO-SdBPM |
| Idioma de catalogación |
spa |
| Agencia que realiza la transcripción |
BPMSU |
| Convenciones de la despripción |
|
| 082 #4 - NÚMERO DE CLASIFICACIÓN DECIMAL DE DEWEY |
| Classification number |
155.5 |
| Item number |
S877r 2002 |
| Edition number |
22 |
| 100 1# - ASIENTO PRINCIPAL -- NOMBRE PERSONAL |
| Nombre personal |
Bender, Paula Stone |
| 240 10 - TITULO UNIFORME |
| Título uniforme |
How to keep your teenager from driving you crazy |
| Idioma de una obra |
español |
| 245 13 - MENCIÓN DE TITULO |
| Título |
La rebelión de los adolescentes / |
| Mención de responsabilidad |
Paula Stone Bender ; traduccióni Julio César Leal Durán |
| Medio (Designación general de material) |
|
| 260 ## - PUBLICACIÓN, DISTRIBUCIÓN, ETC. (PIE DE IMPRENTA) |
| Lugar de publicación, distribución, etc |
Madrid : |
| Nombre del editor, distribuidor, etc. |
McGraw-Hill, Interamericana, |
| Fecha de publicación, distribución, etc |
2002 |
| 300 ## - DESCRIPCIÓN FÍSICA |
| Extensión |
XIV, 223 p. ; |
| Dimensiones |
21 cm |
| 490 0# - MENCIÓN DE SERIES |
| Mención de serie |
Actúa |
| 590 ## - NOTA LOCAL |
| Texto de la nota local |
Inventariado, 2025/VM |
| 650 #4 - ENCABEZAMIENTO DE MATERIA--TEMÁTICO |
| Término temático o nombre geográfico como elemento de entrada |
Psicología del adolescente |
| 650 #4 - ENCABEZAMIENTO DE MATERIA--TEMÁTICO |
| Término temático o nombre geográfico como elemento de entrada |
Juventud |
| Subdivisión temática general |
Aspectos sociales |
| 700 1# - ASIENTO SECUNDARIO -- NOMBRE PERSONAL |
| Término de relación |
Leal Durán, Julio César |
| Mención de responsabilidad |
traductor |
| 910 ## - VALIDACIÓN |
| Validación |
VMateo V. Control de calidad. BPMSU |
| 942 ## - ADDED ENTRY ELEMENTS (KOHA) |
| Source of classification or shelving scheme |
Dewey Decimal Classification |
| Koha item type |
Libros |